Labour in West Bengal (Record no. 481992)

000 -LEADER
fixed length control field 00524cam a22001097a 4500
008 - FIXED-LENGTH DATA ELEMENTS--GENERAL INFORMATION
fixed length control field 180718b-- xxu||||| |||| 00| 0 eng d
082 ## - DEWEY DECIMAL CLASSIFICATION NUMBER
Classification number Rx5412 B436
245 ## - TITLE STATEMENT
Title Labour in West Bengal
Statement of responsibility, etc. by Statistics, Investigation, Research and Publication Branch, Labour Directorate, West Bengal
260 ## - PUBLICATION, DISTRIBUTION, ETC.
Place of publication, distribution, etc. Calcutta
Name of publisher, distributor, etc. Statistics, Investigation, Research and Publication Branch, Labour Directorate
Date of publication, distribution, etc. --
500 ## - GENERAL NOTE
General note Library has 1971-1972
700 ## - ADDED ENTRY--PERSONAL NAME
Personal name West Bengal. Labour Directorate. Statistics, Investigation, Research and Publication Branch
Holdings
Withdrawn status Lost status Damaged status Not for loan Permanent Location Current Location Date acquired Full call number Barcode Date last seen Price effective from Koha item type
        Indian Institute of Public Administration Indian Institute of Public Administration 2018-08-04 Rx5412 B436 GG13451 2018-08-04 2018-08-04 GG

Powered by Koha